[SODEP'in çeşitli rapor ve yayınları] (Record no. 8093)

MARC details
000 -BAŞLIK
Sabit Uzunlukta Kontrol Alanı 03010na a2200289 4500
001 - KONTROL NUMARASI
Denetim Alanı 22648
003 - KONTROL NUMARASI IDENTIFIER
Denetim Alanı MIRAKIL
005 - SON İŞLEM TARİHİ VE ZAMANI
Denetim Alanı 20181213155159.0
008 - SABİT-BOY VERİ ELEMANLARI - GENEL BİLGİLER
Sabit Uzunlukta Kontrol Alanı 170221b tu 000 0
040 ## - KATALOGLAMA KAYNAK
Orijinal Kataloglama Ajansı Milas
Kataloglama Dili tur
Metne Dönüştürmek Ajansı TR-AnCHP
041 ## - DİL KODU
Metin / Ses Parça Veya Ayrı Başlığın Dil Kodu tur
082 ## - DEWEY ONLU SINIFLANDIRMA NUMARASI
Sınıflandırma Numarası SODEP 324.172
Ürün Numarası S62 [1984-85]
090 ## - SINIFLAMA NUMARASI
Sınıflama Numarası SODEP 324.172 S62 [1984-85]
110 ## - ANA GİRİŞ - KURUMSAL ADI
Giriş Elemanı Olarak Kurumsal Ad Veya Yargı Alanı Adı Sosyal Demokrasi Partisi (SODEP)
245 ## - BAŞLIK TABLOSU
Başlık [SODEP'in çeşitli rapor ve yayınları]
Sorumluluk Tablosu, Vb SODEP
260 ## - YAYIN, DAĞITIM, VB
Yayın, Dağıtım, Vb Yeri Ankara
Yayıncı, Dağıtıcı, Vs Adı SODEP
Yayın, Dağıtım, Vb Tarihi [1984-1985]
300 ## - FİZİKSEL TANIM
Kapsam c.
Boyutlar 30
440 ## - SERİSİ TABLOSU / KATMA GİRİŞİ - BAŞLIK
Başlık SODEP yayınları
505 ## - BİÇİMLENDİRİLDİ İÇİNDEKİLER NOT
Biçimlendirilmiş İçeriği Dikkat Genel Başkan Erdal İnönü'nün MKYK toplantısında sunduğu rapor (20 temmuz 1984) - SODEP Haber Bülteni (sayı 3, 8 Mayıs 1984) - Sağlık sorunları komisyonu raporu/ Türkan Akyol - Sosyal Demokrasi Partisi disiplin yönetmeliği -- Sosyal Demokrasi Partisi Genel başkanı Erdal İnönü'nün 6 haziran 1984 birinci kuruluş yıldönümü nedeniyle yaptığı basın toplantısı -- Sosyal Demokrasi Partisi Genel başkanı Erdal İnönü'nün birinci büyük kongre açış konuşması (6 Temmuz 1984) -- Sosyal Demokrasi Partisi Hadımköy belediyesi başkan adayı Özcan Taçkınbaş - Sayın Başbakanın faiz oranları, devalüasyon ve enflasyon konusundaki son beyanları üzerine SODEP Genel Merkezinden yapılan açıklama (22 Ağustos 1984) - [Pertek SODEP ilçe başkanı Oğuz Dilek'in SODEP Başkanına mektubu (20 Ekim 1984)] - SODEP Haber Bülteni SODEP Genel Merkezinden yapılan açıklama - Dalokay mimarlık atölyesi -- Sosyal Demokrasi Partisinin genel ekonomik sorunlara bakışı (19 Şubat 1984) -- SODEP Genel başkanı Erdal İnönü'nün 12 Nisan 1985 günü ikinci küçük kongre açış konuşması -- -- Sosyal Demokrasi Partisi ikinci küçük kurultayında kabul olunan öncelikler bildirgesi (14 Nisan 1985) -- Başbakan Sayın Turgut Özal'a mektup (10 mayıs 1985) - Yeni büyüme stratejisi - Diş sağlı- diş hekimliği sorunları - SODEP ekonomik sorunlar komisyonu rapor-taslak- (Oca 1985) - İç siyasal komisyonu af politikasına ilişkin raporu - Bütünleşme ve ilk hedefler çağrısı (12 Ağustos 1985) - SODEP örgüt yöneticilerinin eğilimleri anketi -- Sosyal Demokrasi Partisi tüzük (1983) - Türkiye'de yabancıların taşımaz edinmeleri konusu ve Sosyal Demokrasi Partisinin soruna yaklaşımı - Sosyal güvenlik sorunları komisyonu raporu - Sosyal Demokrasi partisinin sosyal politikası hakkında sosyal politika komisyonunun-işçi-memur- sorunları komisyonu (Kasım 1984) SODEP seçim bildirgesi (25 Mart 1984 yerel seçimleri) - SODEP 1984 yılı yerel seçimlerin sayısal dökümü - Kültür ve Sanat Komisyonunca sunulan rapor (Ocak 1985) - SODEP haber bülteni : Üniversitelerde eğitim düzeyi sürekli düşürülüyor (4 Temmuz 1984)
610 ## - KONU KATMA GİRİŞ - TOPLANTI ADI
Giriş Elemanı Olarak Kurumsal Ad Veya Yargı Alanı Adı SODEP
Genel Alt Bölüm Komisyon raporları
610 ## - KONU KATMA GİRİŞ - TOPLANTI ADI
Giriş Elemanı Olarak Kurumsal Ad Veya Yargı Alanı Adı SODEP
Genel Alt Bölüm Programlar
610 ## - KONU KATMA GİRİŞ - TOPLANTI ADI
Giriş Elemanı Olarak Kurumsal Ad Veya Yargı Alanı Adı SODEP
Genel Alt Bölüm Raporlar
610 ## - KONU KATMA GİRİŞ - TOPLANTI ADI
Giriş Elemanı Olarak Kurumsal Ad Veya Yargı Alanı Adı SODEP
Genel Alt Bölüm Tüzük ve yönetmelikler
710 ## - KATMA GİRİŞ - KURUMSAL ADI
Giriş Elemanı Olarak Kurumsal Ad Veya Yargı Alanı Adı SODEP
942 ## - EKLENDİ GİRİŞ ELEMANLARI (KOHA)
Sınıflandırma Veya Raf Düzeni Kaynak
Koha Öğesi Türü Books
999 ## - SİSTEM KONTROL NUMARALARI (KOHA)
Koha Biblionumber 8093
Koha Biblioitemnumber 8093
Holdings
Kalıcı Konum Mevcut Konum Edinme Tarihi Edinim Kaynak Toplam Check-Out'Lar Tam Çağrı Numarası Barkod Tarih Son Görülme İtibaren Geçerli Fiyatlar Sigara Kamu Notu Koha Öğesi Türü
CHP Kütüphanesi CHP Kütüphanesi 02/21/2017 Bağış   SODEP 324.172 S62 [1984-85] 016229 02/21/2017 02/21/2017 Klasör Books